00695nam a2200217Ia 4500008004100000040001900041041001200060082002200072100001600094245006700110260003900177300002700216440004300243650001100286651002300297700001700320850002000337942000700357999001700364952009600381131103s9999 xx 000 0 und d aLoreto College aEnglish a914.5/PATbLCLIB/ aPatris,Rene aThis is Romectext by Rene Patris; photographs by Cas Oorthuys aNew YorkbHarry N.Abramsc[19 - ?] a96 p.b ill.c 19 cm. aContact Photos Books of the world Rome aTravel aGeography of Italy aOorthuys,Cas aLCLIB/914.5/PAT cBK c25301d75780 00104070aMAINbMAINd2013-11-04l0o914.5/PAT LCLIB/pB28105r2013-11-04w2013-11-04yBK